Cassell student English dictionary / (Record no. 5560)
[ view plain ]
| 000 -LEADER | |
|---|---|
| fixed length control field | 00772cam a2200277 a 4500 |
| 001 - CONTROL NUMBER | |
| JCCL Control Number | 5560 |
| 003 - CONTROL NUMBER IDENTIFIER | |
| JCCL marc code | BD-JhCC |
| 005 - DATE AND TIME OF LATEST TRANSACTION | |
| control field | 20171221194459.0 |
| 008 - FIXED-LENGTH DATA ELEMENTS--GENERAL INFORMATION | |
| fixed length control field | 020607s1994 enk | |||| ||eng|d |
| 020 ## - INTERNATIONAL STANDARD BOOK NUMBER | |
| International Standard Book Number | 0304344540 |
| 035 ## - SYSTEM CONTROL NUMBER | |
| system control number | (BD-JhCC)5560 |
| 035 ## - SYSTEM CONTROL NUMBER | |
| system control number | (BD-JhCC) |
| 040 ## - CATALOGING SOURCE | |
| Original cataloging agency | BD-JhCC |
| Modifying agency | BD-JhCC |
| 041 ## - LANGUAGE CODE | |
| Language code of Book | eng |
| 082 ## - DEWEY DECIMAL CLASSIFICATION NUMBER | |
| Classification number | 423 |
| Author mark and Year | CAS 1982 |
| 245 00 - TITLE STATEMENT | |
| Title | Cassell student English dictionary / |
| Statement of responsibility, etc | [managing editor, Betty Kirkpatrick]. |
| 250 ## - EDITION STATEMENT | |
| Edition statement | [New updated ed.]. |
| 260 ## - PUBLICATION, DISTRIBUTION, ETC. (IMPRINT) | |
| Place of publication, distribution, etc | London : |
| Name of publisher, distributor, etc | Cassell, |
| Date of publication, distribution, etc | 1994. |
| 300 ## - PHYSICAL DESCRIPTION | |
| Pagination | xxv,1029p ; |
| Dimensions | 23cm. |
| 500 ## - GENERAL NOTE | |
| General note | Previous ed.: 1993. |
| 650 #0 - SUBJECT ADDED ENTRY--TOPICAL TERM | |
| Topical term or geographic name as entry element | English language |
| General subdivision | Dictionaries. |
| 700 1# - ADDED ENTRY--PERSONAL NAME | |
| Personal name | Kirkpatrick, E. M. |
| Fuller form of name | (Elizabeth McLaren) |
| 740 0# - | |
| Uncontrolled related/analytical title | Student English dictionary. |
| 942 ## - ADDED ENTRY ELEMENTS (KOHA) | |
| Source of classification or shelving scheme | Dewey Decimal Classification |
| Koha item type | Books |
| Source of classification or shelving scheme | Damaged status | Not for loan | Home library | Current library | Shelving location | Cost, normal purchase price | Total Checkouts | Full call number | Barcode | Date last seen | Copy number | Koha item type |
|---|---|---|---|---|---|---|---|---|---|---|---|---|
| Dewey Decimal Classification | JCC Rouf Library | JCC Rouf Library | General Stacks | 524.00 | 423 CAS 1982 | 7269 | 12/18/2017 | C - 1 | Books |